[Event "30. Torneo San Viator 2018"]
[Site "Madrid ESP"]
[Date "2018.04.15"]
[Round "2.19"]
[White "Matesanz Bonastre, Rafael"]
[Black "Sanchez Gomez, Emiliano"]
[Result "1/2-1/2"]
[WhiteElo "1856"]
[BlackElo "1742"]
[PlyCount "56"]
[EventDate "2018.04.08"]
[EventType "swiss"]
[EventRounds "9"]
[EventCountry "ESP"]
[SourceTitle "Ajedrez en Madrid"]
[Source "lmi"]
[SourceDate "2018.04.08"]

1. d4 Nf6 2. c4 g6 3. Nc3 d5 4. cxd5 Nxd5 5. e4 Nxc3 6. bxc3 Bg7 7. Bc4 c5 8.
Ne2 O-O 9. O-O Nc6 10. Be3 Qc7 11. Rc1 Rd8 12. Qc2 a6 13. a4 e6 14. Rfd1 Na5
15. Ba2 c4 16. e5 b5 17. Bg5 Rd7 18. Ng3 Bb7 19. Ne4 Bxe4 20. Qxe4 Qc6 21. Qf4
Qc8 22. axb5 axb5 23. Rb1 Nc6 24. Rd2 Rda7 25. Rbb2 b4 26. Qe3 b3 27. Bb1 Nb4
28. h4 Nd5 1/2-1/2

[Event "30. Torneo San Viator 2018"]
[Site "Madrid ESP"]
[Date "2018.04.15"]
[Round "2.20"]
[White "Martinez Rubio, Felipe"]
[Black "Sotoca Aguado, Jose"]
[Result "1-0"]
[WhiteElo "1728"]
[BlackElo "1847"]
[PlyCount "99"]
[EventDate "2018.04.08"]
[EventType "swiss"]
[EventRounds "9"]
[EventCountry "ESP"]
[SourceTitle "Ajedrez en Madrid"]
[Source "lmi"]
[SourceDate "2018.04.08"]

1. d4 Nf6 2. Bg5 h6 3. Bh4 d5 4. e3 c6 5. Bd3 Nbd7 6. f4 e6 7. Nd2 Qb6 8. Rb1
c5 9. c3 Bd6 10. Nh3 Qc7 11. O-O c4 12. Bc2 b5 13. e4 dxe4 14. Nxe4 Nxe4 15.
Bxe4 Bb7 16. Qf3 Bxe4 17. Qxe4 O-O 18. g4 Rac8 19. g5 Qc6 20. Qe2 Qd5 21. gxh6
g6 22. Rbe1 Qf5 23. Qf3 Nf6 24. Bxf6 Qxf6 25. Ng5 Qf5 26. Re2 a5 27. Ne4 Bb8
28. Rg2 f6 29. Re2 Rfe8 30. Rg2 Re7 31. Rg4 Rh7 32. Rh4 Kf7 33. Ng3 Qd5 34.
Qxd5 exd5 35. Re1 Rch8 36. f5 g5 37. Rh5 Re8 38. Rxe8 Kxe8 39. Kf2 Kd7 40. Nf1
Bd6 41. Ne3 Kc6 42. Ng4 Be7 43. Rh3 b4 44. Re3 Kd7 45. Re6 Rf7 46. Ra6 Bd8 47.
Ne3 Bc7 48. Nxd5 Bd8 49. Kf3 Ke8 50. Kg4 1-0

[Event "30. Torneo San Viator 2018"]
[Site "Madrid ESP"]
[Date "2018.04.15"]
[Round "2.21"]
[White "Cid Garcia, Ramon"]
[Black "Montoya Gandia, Manuel"]
[Result "1/2-1/2"]
[WhiteElo "1847"]
[BlackElo "1639"]
[PlyCount "42"]
[EventDate "2018.04.08"]
[EventType "swiss"]
[EventRounds "9"]
[EventCountry "ESP"]
[SourceTitle "Ajedrez en Madrid"]
[Source "lmi"]
[SourceDate "2018.04.08"]

1. b3 Nf6 2. Bb2 d5 3. e3 g6 4. c4 c6 5. cxd5 cxd5 6. Bxf6 exf6 7. Nf3 Bg7 8.
Bb5+ Nc6 9. O-O O-O 10. Bxc6 bxc6 11. Qc2 Bb7 12. d4 Rc8 13. b4 Re8 14. Nc3 a5
15. a3 axb4 16. axb4 Qd6 17. Na4 Ba6 18. Rfb1 Bb5 19. Nc5 Ra8 20. Ne1 f5 21.
Ned3 Qe7 1/2-1/2

[Event "30. Torneo San Viator 2018"]
[Site "Madrid ESP"]
[Date "2018.04.15"]
[Round "2.22"]
[White "Casares Sanchez, Rodrigo"]
[Black "Gonzalez-Ruano Perez, Cesar"]
[Result "1-0"]
[WhiteElo "1702"]
[BlackElo "1833"]
[PlyCount "155"]
[EventDate "2018.04.08"]
[EventType "swiss"]
[EventRounds "9"]
[EventCountry "ESP"]
[SourceTitle "Ajedrez en Madrid"]
[Source "lmi"]
[SourceDate "2018.04.08"]

1. e4 e6 2. d3 d5 3. Nd2 dxe4 4. dxe4 Nf6 5. Ngf3 Bc5 6. Be2 Nc6 7. O-O h6 8.
b3 Bd7 9. Bb2 Qe7 10. a3 a5 11. Bb5 O-O 12. Qe2 Rad8 13. e5 Nd5 14. Qe4 f5 15.
exf6 Nxf6 16. Qh4 Ne5 17. Nxe5 Bxb5 18. Ndc4 Kh7 19. a4 Ba6 20. Nf3 Qe8 21.
Rfe1 Qg6 22. Bxf6 Rxf6 23. Qe4 b6 24. Qxg6+ Kxg6 25. Nce5+ Kh7 26. Rad1 Rxd1
27. Rxd1 Bb7 28. Nd7 Rf5 29. Nde5 Bd6 30. Nc4 Bc5 31. Nce5 Bxf3 32. Nxf3 e5 33.
Rd5 Bd6 34. Nd4 Rf7 35. Nb5 Bc5 36. Rd2 Kg6 37. Kf1 Kf5 38. Ke2 Ke6 39. f3 c6
40. Nc3 Bb4 41. Rd3 Bxc3 42. Rxc3 Kd5 43. Ke3 Re7 44. Rd3+ Kc5 45. c3 g5 46.
Ke4 Re6 47. Kf5 Re8 48. Kg6 e4 49. Re3 Re6+ 50. Kf7 Kd6 51. fxe4 Ke5 52. Re2 h5
53. Rf2 Rd6 54. Rf5+ Kxe4 55. Rxg5 Rd2 56. Ke6 Kf4 57. Rxh5 Rxg2 58. Rf5+ Ke4
59. h4 Rh2 60. h5 Kd3 61. b4 Kxc3 62. bxa5 bxa5 63. Rxa5 Kb4 64. Rg5 Kxa4 65.
Kd6 Kb4 66. Kxc6 Kc4 67. Kd6 Kd4 68. Ke6 Ke4 69. Kf6 Kf4 70. Kg6 Ra2 71. Rf5+
Kg4 72. h6 Rh2 73. Rg5+ Kf4 74. Rh5 Rg2+ 75. Kf6 Ra2 76. h7 Ra6+ 77. Ke7 Ra7+
78. Kd6 1-0

[Event "30. Torneo San Viator 2018"]
[Site "Madrid ESP"]
[Date "2018.04.15"]
[Round "2.23"]
[White "Tudela Garcia, Antonio"]
[Black "Manas Molina, Angel"]
[Result "0-1"]
[WhiteElo "1562"]
[BlackElo "1829"]
[PlyCount "84"]
[EventDate "2018.04.08"]
[EventType "swiss"]
[EventRounds "9"]
[EventCountry "ESP"]
[SourceTitle "Ajedrez en Madrid"]
[Source "lmi"]
[SourceDate "2018.04.08"]

1. e4 c5 2. b3 Nc6 3. Bb2 d6 4. Bb5 e5 5. Nf3 Nf6 6. Nc3 Be7 7. Qe2 a6 8. Bxc6+
bxc6 9. Na4 O-O 10. c4 Bg4 11. d3 Nd7 12. h3 Bh5 13. g4 Bg6 14. O-O-O f6 15.
Nh4 Bf7 16. Nf5 Re8 17. Nxe7+ Rxe7 18. h4 Nb6 19. Nc3 d5 20. Qf1 a5 21. g5 Rb7
22. Qg2 a4 23. exd5 cxd5 24. Nb5 axb3 25. axb3 Rab8 26. Qg3 d4 27. Kc2 Nd5 28.
Ra1 Nb4+ 29. Kd2 Bg6 30. Ba3 Nxd3 31. h5 Bf5 32. Qf3 g6 33. hxg6 hxg6 34. gxf6
Qa5+ 35. b4 cxb4 36. Qd5+ Rf7 37. Qd6 bxa3+ 38. Ke2 Nf4+ 39. Kf3 Rxb5 40. Rxa3
Rb3+ 41. Rxb3 Qa8+ 42. Kg3 Qg2+ 0-1

[Event "30. Torneo San Viator 2018"]
[Site "Madrid ESP"]
[Date "2018.04.15"]
[Round "2.24"]
[White "Martinez Belen, Alejandro"]
[Black "Conchillo Roman, Jose Ignacio"]
[Result "0-1"]
[WhiteElo "1828"]
[BlackElo "1553"]
[PlyCount "50"]
[EventDate "2018.04.08"]
[EventType "swiss"]
[EventRounds "9"]
[EventCountry "ESP"]
[SourceTitle "Ajedrez en Madrid"]
[Source "lmi"]
[SourceDate "2018.04.08"]

1. d4 Nf6 2. c4 g6 3. Nf3 Bg7 4. g3 c5 5. Bg2 cxd4 6. Nxd4 Nc6 7. Nc3 O-O 8.
Nxc6 bxc6 9. Qc2 a6 10. O-O Qc7 11. h3 d6 12. Rd1 Bb7 13. e4 c5 14. Nd5 Nxd5
15. exd5 e5 16. dxe6 Bxg2 17. exf7+ Qxf7 18. Kxg2 Qf3+ 19. Kg1 Bd4 20. Rxd4
cxd4 21. Bf4 Rae8 22. Rd1 Re2 23. Qxe2 Qxe2 24. Rd2 Qe1+ 25. Kg2 Rxf4 0-1

[Event "30. Torneo San Viator 2018"]
[Site "Madrid ESP"]
[Date "2018.04.15"]
[Round "2.25"]
[White "Fernandez Quintero, Jose Antonio"]
[Black "Chauca Pinedo, Daniel Jesus"]
[Result "1-0"]
[WhiteElo "1813"]
[BlackElo "1385"]
[PlyCount "65"]
[EventDate "2018.04.08"]
[EventType "swiss"]
[EventRounds "9"]
[EventCountry "ESP"]
[SourceTitle "Ajedrez en Madrid"]
[Source "lmi"]
[SourceDate "2018.04.08"]

1. d4 Nf6 2. c4 g6 3. Nc3 Bg7 4. e4 d6 5. Be2 O-O 6. Bg5 c5 7. d5 e6 8. Nf3
exd5 9. cxd5 a6 10. a4 Qa5 11. Bd2 Qb6 12. Qc2 Re8 13. h3 Nbd7 14. a5 Qc7 15.
Bf4 c4 16. Nd2 Nc5 17. f3 Nh5 18. Bh2 f5 19. Nxc4 f4 20. Nb6 Rb8 21. Nca4 Qe7
22. Nxc5 dxc5 23. O-O Bd4+ 24. Kh1 Bxh3 25. gxh3 Qh4 26. Kg2 Qg5+ 27. Kh1 Ng3+
28. Bxg3 Qxg3 29. Bc4 Re5 30. Qg2 Qh4 31. Qg4 Qd8 32. Rg1 Rh5 33. Qxh5 1-0

[Event "30. Torneo San Viator 2018"]
[Site "Madrid ESP"]
[Date "2018.04.15"]
[Round "2.26"]
[White "Alvarez Cerbero, Julio Enrique"]
[Black "Jimenez Gonzalez, Marcos"]
[Result "1/2-1/2"]
[WhiteElo "1501"]
[BlackElo "1802"]
[PlyCount "109"]
[EventDate "2018.04.08"]
[EventType "swiss"]
[EventRounds "9"]
[EventCountry "ESP"]
[SourceTitle "Ajedrez en Madrid"]
[Source "lmi"]
[SourceDate "2018.04.08"]

1. d4 Nf6 2. Bf4 d5 3. e3 e6 4. Nd2 Bd6 5. Bg3 O-O 6. Ngf3 b6 7. Bd3 Ba6 8.
Bxa6 Nxa6 9. c3 c5 10. Qe2 Nc7 11. Ne5 Ne4 12. Nxe4 dxe4 13. O-O-O Bxe5 14.
Bxe5 Qc8 15. Qg4 Ne8 16. Qxe4 f6 17. Bg3 c4 18. d5 exd5 19. Qxd5+ Kh8 20. Rd4
Nc7 21. Bxc7 Qxc7 22. Qxc4 Qb7 23. Qd5 Qa6 24. Rhd1 h6 25. Qc4 b5 26. Qb3 Qb7
27. f3 a5 28. Rd7 Qb6 29. R1d4 b4 30. R7d6 Qc5 31. Qd5 Qc8 32. Rc4 Qe8 33. Qe4
Qa4 34. Qb1 Rfe8 35. e4 Qb5 36. Qd3 bxc3 37. Rxc3 Qb4 38. Qd4 Qb5 39. Rd3 Rab8
40. Rd5 Rec8+ 41. Kb1 Qa6 42. Qe3 Qc6 43. Qd2 Rb4 44. R5d4 Rb5 45. Rd8+ Rxd8
46. Rxd8+ Kh7 47. Qd3 Re5 48. Rd5 Qb6 49. Qd4 Qa6 50. Rxe5 Qf1+ 51. Kc2 fxe5
52. Qd2 Qc4+ 53. Qc3 Qe2+ 54. Qd2 Qc4+ 55. Qc3 1/2-1/2

[Event "30. Torneo San Viator 2018"]
[Site "Madrid ESP"]
[Date "2018.04.22"]
[Round "3.1"]
[White "Garcia Dorado, Alberto"]
[Black "Renteria, Jorge"]
[Result "1-0"]
[WhiteElo "2151"]
[BlackElo "2276"]
[PlyCount "113"]
[EventDate "2018.04.08"]
[EventType "swiss"]
[EventRounds "9"]
[EventCountry "ESP"]
[SourceTitle "Ajedrez en Madrid"]
[Source "lmi"]
[SourceDate "2018.04.08"]

1. d4 Nf6 2. Nf3 e6 3. g3 b5 4. Bg2 d5 5. O-O Bb7 6. Bg5 c5 7. c3 Nbd7 8. Nbd2
h6 9. Bxf6 Nxf6 10. a4 b4 11. cxb4 cxb4 12. a5 a6 13. Ne5 Bd6 14. Qa4+ Nd7 15.
Ndc4 Bxe5 16. Nxe5 Rb8 17. Nd3 O-O 18. Nxb4 Qe7 19. Rfc1 Rfc8 20. e3 Qd6 21.
Bf1 e5 22. Qa3 Qf6 23. Qd3 Rc4 24. Qd2 exd4 25. Bg2 Nc5 26. Ra3 dxe3 27. fxe3
Ne4 28. Bxe4 Rxe4 29. Nxd5 Qf5 30. Rd3 Re5 31. Rd1 Kh7 32. Rd4 Rd8 33. Rf1 Qg6
34. Nf4 Qc6 35. Rxd8 Qh1+ 36. Kf2 Qxh2+ 37. Ke1 Qxg3+ 38. Kd1 Rc5 39. Qd3+ f5
40. Qd4 Bf3+ 41. Ne2 Rb5 42. Rd7 Bh5 43. Kd2 Qg2 44. Rf2 Qg5 45. Nf4 Qg1 46.
Rxg7+ Qxg7 47. Qxg7+ Kxg7 48. Nxh5+ Kg6 49. Nf4+ Kf6 50. Kc3 Rxa5 51. Rh2 Kg5
52. Rh5+ Kg4 53. Rxh6 Rc5+ 54. Kd2 Rb5 55. Nd3 a5 56. Rg6+ Kf3 57. Rc6 1-0

[Event "30. Torneo San Viator 2018"]
[Site "Madrid ESP"]
[Date "2018.04.22"]
[Round "3.2"]
[White "Longa Yauca, Javier"]
[Black "Perez Calahorra, Ricardo"]
[Result "1-0"]
[WhiteElo "2250"]
[BlackElo "2064"]
[PlyCount "85"]
[EventDate "2018.04.08"]
[EventType "swiss"]
[EventRounds "9"]
[EventCountry "ESP"]
[SourceTitle "Ajedrez en Madrid"]
[Source "lmi"]
[SourceDate "2018.04.08"]

1. d4 d6 2. e4 Nf6 3. Nc3 g6 4. g3 Bg7 5. Bg2 Nc6 6. Nge2 O-O 7. O-O e5 8. d5
Ne7 9. f4 Nh5 10. Be3 Bg4 11. Qd2 Qd7 12. Rae1 Bh3 13. fxe5 dxe5 14. Bxh3 Qxh3
15. Nd1 a5 16. c4 Ra6 17. c5 Rd8 18. Nec3 Qd7 19. Nf2 f5 20. Bg5 Rf8 21. Qd3
Rfa8 22. Qc4 Kh8 23. Rd1 h6 24. Bc1 fxe4 25. Nfxe4 Qg4 26. Qe2 Qh3 27. d6 cxd6
28. cxd6 Nc6 29. Nd5 Nd4 30. Qg2 Qg4 31. h3 Qe6 32. Nc7 Qxa2 33. Nxa6 Rxa6 34.
d7 Ra8 35. Rxd4 exd4 36. g4 Rd8 37. gxh5 Rxd7 38. Qxg6 Qg8 39. Bxh6 d3 40. Kh1
b5 41. Bxg7+ Rxg7 42. Qh6+ Rh7 43. Qf6+ 1-0

[Event "30. Torneo San Viator 2018"]
[Site "Madrid ESP"]
[Date "2018.04.22"]
[Round "3.3"]
[White "Perdomo Araujo, Angel Eduardo"]
[Black "Martinez Fernandez, Raul"]
[Result "1-0"]
[WhiteElo "2084"]
[BlackElo "2176"]
[PlyCount "101"]
[EventDate "2018.04.08"]
[EventType "swiss"]
[EventRounds "9"]
[EventCountry "ESP"]
[SourceTitle "Ajedrez en Madrid"]
[Source "lmi"]
[SourceDate "2018.04.08"]

1. e4 e5 2. Nf3 Nc6 3. Nc3 Nf6 4. Be2 d5 5. exd5 Nxd5 6. O-O Nxc3 7. bxc3 Bd6
8. d4 O-O 9. Rb1 Qe7 10. Re1 Rb8 11. h3 e4 12. Bc4 Bf5 13. Bd5 h6 14. Nd2 Bh2+
15. Kh1 Bf4 16. Nxe4 Bxc1 17. Qxc1 Qd7 18. Bb3 Rfe8 19. Qf4 b6 20. Ng3 Bg6 21.
Re3 Rxe3 22. fxe3 Qd6 23. Qg4 Na5 24. Rf1 Nxb3 25. cxb3 Re8 26. e4 Qa3 27. Qe2
Qe7 28. Qf2 Kh8 29. e5 Bd3 30. Re1 Qd7 31. Re3 Bg6 32. Qf3 a5 33. d5 Rd8 34. c4
Qe7 35. e6 f6 36. Nf5 Qa3 37. Kh2 Bxf5 38. Qxf5 Re8 39. Re2 Re7 40. Qf4 Qd6 41.
g3 Qa3 42. Qd2 Qd6 43. Qb2 Re8 44. a3 c6 45. Rd2 cxd5 46. cxd5 Rc8 47. b4 a4
48. Qd4 b5 49. Qe3 Rc7 50. Re2 Re7 51. Qc5 1-0

[Event "30. Torneo San Viator 2018"]
[Site "Madrid ESP"]
[Date "2018.04.22"]
[Round "3.4"]
[White "Cervino Rossel, Cristobal"]
[Black "Rodriguez Melendez, Juan Humbert"]
[Result "0-1"]
[WhiteElo "2063"]
[BlackElo "2174"]
[PlyCount "98"]
[EventDate "2018.04.08"]
[EventType "swiss"]
[EventRounds "9"]
[EventCountry "ESP"]
[SourceTitle "Ajedrez en Madrid"]
[Source "lmi"]
[SourceDate "2018.04.08"]

1. d4 Nf6 2. Nf3 g6 3. Nc3 d5 4. Bf4 c5 5. dxc5 Qa5 6. Bxb8 Rxb8 7. Qd4 Bg7 8.
b4 Qd8 9. O-O-O Be6 10. e4 dxe4 11. Bb5+ Bd7 12. Bxd7+ Qxd7 13. Qxd7+ Nxd7 14.
Nxe4 Nf6 15. Nxf6+ Bxf6 16. g4 Rc8 17. g5 Bc3 18. a3 a5 19. Nd2 axb4 20. Ne4
Ra8 21. Nxc3 bxc3 22. Rd4 Rxa3 23. Rb4 Ra1+ 24. Rb1 Rxb1+ 25. Kxb1 h6 26. Ka2
hxg5 27. Kb3 Rh3 28. Kc4 Kd7 29. Rd1+ Kc6 30. Rd8 Rh4+ 31. Kxc3 Rxh2 32. Kb4
Rxf2 33. Rc8+ Kd7 34. Rb8 Kc7 35. Re8 Re2 36. Rf8 f5 37. Rg8 Re6 38. Kc4 g4 39.
Kd5 Rf6 40. Re8 Kd7 41. Rb8 g3 42. Rxb7+ Kd8 43. c6 g2 44. Rb8+ Kc7 45. Rb7+
Kc8 46. Rxe7 g1=Q 47. Re8+ Kc7 48. Re7+ Kd8 49. c7+ Kc8 0-1

[Event "30. Torneo San Viator 2018"]
[Site "Madrid ESP"]
[Date "2018.04.22"]
[Round "3.5"]
[White "Luque Ibanes, Manuel"]
[Black "Linares Leyva, David"]
[Result "1-0"]
[WhiteElo "1997"]
[BlackElo "1756"]
[PlyCount "73"]
[EventDate "2018.04.08"]
[EventType "swiss"]
[EventRounds "9"]
[EventCountry "ESP"]
[SourceTitle "Ajedrez en Madrid"]
[Source "lmi"]
[SourceDate "2018.04.08"]

1. e4 e6 2. d4 d5 3. e5 c5 4. c3 Nc6 5. Nf3 Nge7 6. Bd3 cxd4 7. cxd4 Nf5 8.
Bxf5 exf5 9. O-O Be7 10. Nc3 Be6 11. Qb3 b6 12. Bd2 O-O 13. Rac1 Na5 14. Qb5
Nc4 15. Ne2 a6 16. Qb3 g5 17. Rc2 f4 18. Bb4 Bf5 19. Rcc1 a5 20. Bxe7 Qxe7 21.
Rfd1 Rfc8 22. Nd2 a4 23. Qf3 Nxb2 24. Rf1 Qb4 25. Nc3 Qxd4 26. Qxd5 Qd3 27. Nf3
Rxc3 28. Qxa8+ Kg7 29. Rxc3 Qxc3 30. Qd8 Bg6 31. Qf6+ Kg8 32. Qxg5 Qc4 33. h4
Kf8 34. h5 Bd3 35. Qd8+ Kg7 36. h6+ Kxh6 37. Qg5# 1-0

[Event "30. Torneo San Viator 2018"]
[Site "Madrid ESP"]
[Date "2018.04.22"]
[Round "3.6"]
[White "Esteban Posadilla, Raul"]
[Black "Lobato Rivero, Carlos"]
[Result "0-1"]
[WhiteElo "1605"]
[BlackElo "1968"]
[PlyCount "92"]
[EventDate "2018.04.08"]
[EventType "swiss"]
[EventRounds "9"]
[EventCountry "ESP"]
[SourceTitle "Ajedrez en Madrid"]
[Source "lmi"]
[SourceDate "2018.04.08"]

1. c4 e5 2. Nc3 Nc6 3. g3 f5 4. e4 d6 5. d3 Nf6 6. Bg5 Be7 7. Bxf6 Bxf6 8. Bg2
O-O 9. Nge2 Nd4 10. Nxd4 exd4 11. Nd5 c6 12. Nxf6+ Qxf6 13. O-O f4 14. f3 Be6
15. Qd2 fxg3 16. hxg3 d5 17. b3 dxe4 18. dxe4 c5 19. f4 Qh6 20. Bf3 Qh3 21. Qh2
Rad8 22. Rad1 Rf6 23. Qxh3 Bxh3 24. Rf2 Bc8 25. e5 Ra6 26. Bd5+ Kf8 27. f5 Rh6
28. Rh2 Rxh2 29. Kxh2 h5 30. e6 Ke7 31. Bf3 Rf8 32. g4 hxg4 33. Bxg4 Rf6 34.
Re1 g6 35. Re5 gxf5 36. Bxf5 Bxe6 37. Bxe6 Rxe6 38. Rxc5 d3 39. Rd5 Rd6 40.
Re5+ Kf6 41. Re1 d2 42. Rd1 Ke5 43. Kg2 Ke4 44. Kf2 Kd3 45. c5 Rf6+ 46. Kg3 Kc2
0-1

[Event "30. Torneo San Viator 2018"]
[Site "Madrid ESP"]
[Date "2018.04.22"]
[Round "3.7"]
[White "Montes De Santiago, Fernando"]
[Black "Fernandez Rios, Jose Francisco"]
[Result "1/2-1/2"]
[WhiteElo "1763"]
[BlackElo "1741"]
[PlyCount "53"]
[EventDate "2018.04.08"]
[EventType "swiss"]
[EventRounds "9"]
[EventCountry "ESP"]
[SourceTitle "Ajedrez en Madrid"]
[Source "lmi"]
[SourceDate "2018.04.08"]

1. e4 c5 2. Nc3 g6 3. f4 Bg7 4. Nf3 Nc6 5. Bb5 Nd4 6. O-O e6 7. e5 a6 8. Be2 d6
9. exd6 Qxd6 10. d3 Ne7 11. Ne4 Qc7 12. c3 Nxe2+ 13. Qxe2 O-O 14. Qf2 b6 15.
Neg5 h6 16. Nh3 Bb7 17. Ne5 Rad8 18. d4 cxd4 19. cxd4 Qd6 20. Be3 Nf5 21. Rfd1
Qd5 22. Nf3 Qe4 23. Re1 Nxd4 24. Bxd4 Bxd4 25. Rxe4 Bxf2+ 26. Nxf2 Bxe4 27.
Nxe4 1/2-1/2

[Event "30. Torneo San Viator 2018"]
[Site "Madrid ESP"]
[Date "2018.04.22"]
[Round "3.8"]
[White "Ramos Del Campo, Alexander"]
[Black "Recuenco Andres, Javier"]
[Result "1/2-1/2"]
[WhiteElo "2176"]
[BlackElo "1869"]
[PlyCount "131"]
[EventDate "2018.04.08"]
[EventType "swiss"]
[EventRounds "9"]
[EventCountry "ESP"]
[SourceTitle "Ajedrez en Madrid"]
[Source "lmi"]
[SourceDate "2018.04.08"]

1. e4 d6 2. d4 Nf6 3. Nc3 e5 4. Nf3 Nbd7 5. Bc4 Be7 6. O-O O-O 7. Re1 c6 8. a4
a5 9. h3 Qc7 10. Be3 Nxe4 11. Nxe4 d5 12. Bxd5 cxd5 13. Nc3 Nb6 14. dxe5 Be6
15. Bxb6 Qxb6 16. Nxd5 Bxd5 17. Qxd5 Bc5 18. Rf1 Rad8 19. Qb3 Qa7 20. Ne1 Rfe8
21. Nd3 Bd4 22. Rae1 Re6 23. c3 Rb6 24. Qa2 Bxc3 25. bxc3 Rxd3 26. Qc4 Rd8 27.
Rd1 Rf8 28. Rd6 Rb2 29. Rd7 Qb6 30. Rxf7 Rxf7 31. e6 Rbxf2 32. exf7+ Rxf7+ 33.
Kh1 Qc7 34. Qd5 g6 35. Rxf7 Qxf7 36. Qxa5 Qf1+ 37. Kh2 Qf4+ 38. Kg1 Qe3+ 39.
Kf1 Qf4+ 40. Ke2 Qe4+ 41. Kd1 Qd3+ 42. Kc1 Qf1+ 43. Kb2 Qxg2+ 44. Kb3 Qc6 45.
c4 Kg7 46. Qe5+ Kf7 47. Kb4 Qb6+ 48. Qb5 Qd6+ 49. Ka5 Qd8+ 50. Kb4 Qd2+ 51. Kc5
Qe3+ 52. Kd5 Qe6+ 53. Kd4 Qd6+ 54. Qd5+ Ke7 55. c5 Qxd5+ 56. Kxd5 g5 57. c6 b6
58. Ke5 h5 59. c7 Kd7 60. Kf5 g4 61. hxg4 hxg4 62. Kxg4 Kxc7 63. Kf3 Kd6 64.
Ke3 Kc5 65. a5 bxa5 66. Kd2 1/2-1/2

[Event "30. Torneo San Viator 2018"]
[Site "Madrid ESP"]
[Date "2018.04.22"]
[Round "3.9"]
[White "Manas Molina, Angel"]
[Black "Robles Diaz, Jose Alberto"]
[Result "0-1"]
[WhiteElo "1829"]
[BlackElo "2086"]
[PlyCount "172"]
[EventDate "2018.04.08"]
[EventType "swiss"]
[EventRounds "9"]
[EventCountry "ESP"]
[SourceTitle "Ajedrez en Madrid"]
[Source "lmi"]
[SourceDate "2018.04.08"]

1. e4 c5 2. Nc3 Nc6 3. g3 g6 4. Bg2 Bg7 5. d3 d6 6. Be3 Nf6 7. h3 O-O 8. Qd2
Rb8 9. Bh6 b5 10. Bxg7 Kxg7 11. Nge2 b4 12. Nd5 e6 13. Nxf6 Qxf6 14. c3 bxc3
15. bxc3 Ba6 16. f4 Rb6 17. O-O Rfb8 18. Rac1 Rb2 19. Rc2 Rxc2 20. Qxc2 Qd8 21.
Rb1 Rb6 22. Kh2 Qb8 23. Rxb6 Qxb6 24. Nc1 Ne7 25. Qb3 Bb5 26. c4 Bd7 27. Qxb6
axb6 28. Kg1 Kf6 29. g4 g5 30. fxg5+ Kxg5 31. Kf2 Ba4 32. Kg3 Ng6 33. Bf1 Bc2
34. Nb3 h5 35. gxh5 Kxh5 36. Be2+ Kg5 37. Nd2 Nh4 38. Nf3+ Nxf3 39. Kxf3 Kh4
40. Kg2 Bb1 41. a3 Bc2 42. Kh2 Bb3 43. Kg2 Ba4 44. Bf1 Bd7 45. Kh2 e5 46. Bg2
Be6 47. Bf1 f5 48. exf5 Bxf5 49. Kg1 Kg3 50. h4 Kxh4 51. Kf2 Kg5 52. Ke3 Kf6
53. Bg2 Bd7 54. Bd5 Ke7 55. Kd2 Kd8 56. Kc3 Kc7 57. Kd2 Kb8 58. Kc3 Ka7 59. Kb2
Ka6 60. Kc2 Ka5 61. Kb2 Bf5 62. Be4 Be6 63. Bc6 Bf5 64. Be4 Bd7 65. Bd5 b5 66.
cxb5 Bxb5 67. Be4 Bd7 68. Bd5 Bf5 69. Bc4 e4 70. dxe4 Bxe4 71. Bb3 Bc6 72. Kc3
d5 73. Bd1 Kb6 74. Bg4 Bb5 75. Bf3 d4+ 76. Kd2 Ka5 77. Bd1 Ba4 78. Bg4 Bb3 79.
Bd7 Bc4 80. Be8 Bb5 81. Bg6 Ka4 82. Bc2+ Kxa3 83. Bd1 Kb2 84. Bc2 c4 85. Be4
c3+ 86. Kd1 d3 0-1

[Event "30. Torneo San Viator 2018"]
[Site "Madrid ESP"]
[Date "2018.04.22"]
[Round "3.10"]
[White "Cano Mercado, Francisco Manuel"]
[Black "Pajuelo Morales, Raul"]
[Result "0-1"]
[WhiteElo "1824"]
[BlackElo "2005"]
[PlyCount "74"]
[EventDate "2018.04.08"]
[EventType "swiss"]
[EventRounds "9"]
[EventCountry "ESP"]
[SourceTitle "Ajedrez en Madrid"]
[Source "lmi"]
[SourceDate "2018.04.08"]

1. d4 Nf6 2. Bf4 g6 3. e3 Bg7 4. Nf3 d6 5. h3 O-O 6. Nbd2 c6 7. Be2 Nbd7 8. O-O
Re8 9. Bh2 b5 10. a4 Qb6 11. a5 Qc7 12. c4 a6 13. c5 Nf8 14. e4 Qd7 15. Qc2 Bb7
16. Nb3 Rad8 17. Rac1 Qc8 18. cxd6 exd6 19. e5 dxe5 20. dxe5 Nd5 21. Nc5 Ba8
22. Ne4 Re7 23. Rfd1 Ne6 24. Qb3 Nef4 25. Bf1 Bxe5 26. Nxe5 Rxe5 27. Rxd5 Rxe4
28. Rxd8+ Qxd8 29. Qf3 Qg5 30. Bg3 c5 31. Rd1 Ne6 32. Rd7 f5 33. Qc3 f4 34. Ra7
Bc6 35. Bh2 Nd4 36. Rxa6 Re3 37. Qa3 Rxa3 0-1

[Event "30. Torneo San Viator 2018"]
[Site "Madrid ESP"]
[Date "2018.04.22"]
[Round "3.11"]
[White "Alvarez Poves, Jesus"]
[Black "Unciti Juan, Javier"]
[Result "1/2-1/2"]
[WhiteElo "1755"]
[BlackElo "1970"]
[PlyCount "59"]
[EventDate "2018.04.08"]
[EventType "swiss"]
[EventRounds "9"]
[EventCountry "ESP"]
[SourceTitle "Ajedrez en Madrid"]
[Source "lmi"]
[SourceDate "2018.04.08"]

1. d4 e6 2. c4 Nf6 3. Nc3 d5 4. Nf3 Be7 5. g3 O-O 6. Bg2 b6 7. cxd5 exd5 8. Qc2
Bb7 9. O-O c5 10. dxc5 bxc5 11. Rd1 Nbd7 12. Bg5 d4 13. Bxf6 Bxf6 14. Ne4 Qe7
15. Nfd2 Be5 16. Nc4 Bb8 17. Rac1 f5 18. Ned2 Bxg2 19. Kxg2 Nf6 20. e3 Qb7+ 21.
Kg1 dxe3 22. Nxe3 Be5 23. Qxc5 Nd7 24. Qc6 Qxc6 25. Rxc6 Bxb2 26. Ndc4 Ne5 27.
Nxe5 Bxe5 28. Rd7 f4 29. Nc4 Ba1 30. Rcc7 1/2-1/2

[Event "30. Torneo San Viator 2018"]
[Site "Madrid ESP"]
[Date "2018.04.22"]
[Round "3.12"]
[White "Camarero Izquierdo, Juan Carlos"]
[Black "Iriarte Diez, Enrique"]
[Result "1-0"]
[WhiteElo "1946"]
[BlackElo "1833"]
[PlyCount "63"]
[EventDate "2018.04.08"]
[EventType "swiss"]
[EventRounds "9"]
[EventCountry "ESP"]
[SourceTitle "Ajedrez en Madrid"]
[Source "lmi"]
[SourceDate "2018.04.08"]

1. d4 f5 2. Nc3 Nf6 3. Bg5 e6 4. e4 Be7 5. Bxf6 Bxf6 6. e5 Bg5 7. h4 Be7 8.
Qh5+ g6 9. Qh6 Bf8 10. Qe3 d5 11. f4 h6 12. Bd3 a6 13. g4 b5 14. h5 g5 15. gxf5
exf5 16. e6 b4 17. Nge2 Nc6 18. Bxf5 Ne7 19. Qe5 bxc3 20. Nxc3 Rg8 21. Bg6+
Nxg6 22. hxg6 Bg7 23. Qxd5 Qxd5 24. Nxd5 Ra7 25. f5 Rf8 26. Rf1 Bf6 27. Nxf6+
Rxf6 28. g7 Bxe6 29. fxe6 Rxe6+ 30. Kd2 Rg6 31. Rf8+ Ke7 32. Re1+ 1-0

[Event "30. Torneo San Viator 2018"]
[Site "Madrid ESP"]
[Date "2018.04.22"]
[Round "3.13"]
[White "Torres Samper, Rafael"]
[Black "Fernandez Quintero, Jose Antonio"]
[Result "0-1"]
[WhiteElo "1920"]
[BlackElo "1813"]
[PlyCount "118"]
[EventDate "2018.04.08"]
[EventType "swiss"]
[EventRounds "9"]
[EventCountry "ESP"]
[SourceTitle "Ajedrez en Madrid"]
[Source "lmi"]
[SourceDate "2018.04.08"]

1. e4 d6 2. d4 Nf6 3. Nc3 g6 4. Bg5 Bg7 5. e5 dxe5 6. dxe5 Qxd1+ 7. Rxd1 Nh5 8.
Nf3 c6 9. h3 h6 10. Be3 g5 11. Bc4 Nd7 12. e6 fxe6 13. Bxe6 Ne5 14. Nd4 c5 15.
Ndb5 Bxe6 16. Nc7+ Kf7 17. Nxa8 Rxa8 18. Bxc5 Nc4 19. Bd4 Nxb2 20. Rd2 Nf6 21.
O-O Nc4 22. Rdd1 a6 23. f4 g4 24. f5 Bc8 25. hxg4 Nxg4 26. Bxg7 Kxg7 27. Rd4
Nge3 28. Rf2 b5 29. Nd5 Nxf5 30. Nc7 Nxd4 31. Nxa8 Ne6 32. Re2 Kf7 33. a4 Bb7
34. Rf2+ Ke8 35. axb5 axb5 36. Rf5 Bxa8 37. Rxb5 Kf7 38. Rb8 Be4 39. Rb4 Nd6
40. c3 Nf4 41. g3 Ne2+ 42. Kf2 Nxc3 43. Rb8 Nd5 44. Rh8 Kg7 45. Rb8 h5 46. Rd8
Bf5 47. Rb8 Bg4 48. Rd8 Nf6 49. Ra8 Nf5 50. Ra4 e5 51. Ra7+ Kg6 52. Ra4 e4 53.
Ra3 e3+ 54. Kg2 e2 55. Kf2 Ne4+ 56. Ke1 Nexg3 57. Rb3 h4 58. Kf2 h3 59. Rb1 h2
0-1